Science Quiz

Random Science or Chemistry Quiz

Mendeleev's Periodic Table Quiz Stats

 Plays Quiz Updated May 30, 2019

Score 0/67 Timer 10:00
0 Plays Today
% Correct
?
100%
?
100%
?
100%
?
100%
Hydrogen (H)
79.3%
Oxygen (O)
77%
Carbon (C)
72.5%
Gold (Au)
71.5%
Silver (Ag)
69.9%
Nitrogen (N)
69.8%
Boron (B)
63.6%
Iron (Fe)
62.3%
Copper (Cu)
61.7%
Lithium (Li)
61.7%
Potassium (K)
60%
Sodium (Na)
59.8%
Magnesium (Mg)
58.5%
Chlorine (Cl)
57.9%
Lead (Pb)
57.3%
Tin (Sn)
57.2%
Aluminum (Al)
55.1%
Fluorine (F)
54.7%
Sulfur (S)
53.7%
Calcium (Ca)
52.1%
Zinc (Zn)
51.6%
Mercury (Hg)
51%
Beryllium (Be)
50.2%
Manganese (Mn)
49.7%
Silicon (Si)
48.9%
Iodine (J)
48.8%
Phosphorus (P)
48.4%
Cobalt (Co)
47%
Nickel (Ni)
45.6%
Tungsten (W)
45.4%
% Correct
Uranium (Ur)
45.1%
Platinum (Pt)
45%
Arsenic (As)
43.8%
Bromine (Br)
43.4%
Titanium (Ti)
42.4%
Vanadium (V)
38.1%
Chromium (Cr)
37.1%
Caesium (Cs)
36%
Selenium (Se)
36%
Antimony (Sb)
35.9%
Barium (Ba)
35.5%
Yttrium (Yt)
34.7%
Strontium (Sr)
32.7%
Zirconium (Zr)
31.4%
Bismuth (Bi)
31.1%
Cadmium (Cd)
30.7%
Palladium (Pd)
30.2%
Rubidium (Rb)
29.4%
Osmium (Os)
28.9%
Molybdenum (Mo)
28.6%
Iridium (Ir)
28.2%
Indium (In)
27.5%
Rhodium (Rh)
26.6%
Lanthanum (La)
24.1%
Thallium (Tl)
22.9%
Tellurium (Te)
22.4%
Niobium (Nb)
22.2%
Ruthenium (Ru)
20.6%
Tantalum (Ta)
20.4%
Cerium (Ce)
20.1%
Thorium (Th)
19.4%
Erbium (Er)
19%
Didymium (Di)
13.7%

You're not logged in!

Compare scores with friends on all Sporcle quizzes.
OR
Log In

Sporcle TV

Today on Sporcle TV


Watch our educational content, quiz creation guides, and fun videos on Sporcle TV.

Show Comments

Extras

Top Quizzes Today


Score Distribution

Your Account Isn't Verified!

In order to create a playlist on Sporcle, you need to verify the email address you used during registration. Go to your Sporcle Settings to finish the process.

Report this User

Report this user for behavior that violates our Community Guidelines.

Details: